Calidad de potencia energética de la línea de transmisión (Registro nro. 2513)

Detalles MARC
000 -LEADER
campo de control de longitud fija 02173nam a22003497a 4500
001 - NÚMERO DE CONTROL
campo de control 42835
003 - IDENTIFICADOR DE NÚMERO DE CONTROL
campo de control gtgccic
005 - FECHA Y HORA DE LA ÚLTIMA TRANSACCIÓN
campo de control 20251107153401.0
007 - CAMPO FIJO DE DESCRIPCIÓN FÍSICA--INFORMACIÓN GENERAL
campo de control de longitud fija ta
008 - DATOS DE LONGITUD FIJA--INFORMACIÓN GENERAL
campo de control de longitud fija 251107b gt ||||| |||| 00| 0 spa d
040 ## - FUENTE DE CATALOGACIÓN
Centro catalogador/agencia de origen gtgccic
Lengua de catalogación spa
Centro/agencia transcriptor gtgccic
Normas de descripción rda
084 ## - OTRO NÚMERO DE CLASIFICACIÓN
Número de control del registro de autoridad o número normalizado TPI-16-0107
100 10 - ENTRADA PRINCIPAL--NOMBRE DE PERSONA
Nombre de persona Erwin Armando Girón Girón
Fechas asociadas al nombre Ingeniero en Eléctrica
Término indicativo de función/relación autor
245 10 - MENCIÓN DEL TÍTULO
Título Calidad de potencia energética de la línea de transmisión
Resto del título Escuintla - Guate Sur circuito I de 230 Kilovoltios /
Mención de responsabilidad, etc. Girón Girón, Erwin Armando
264 #1 - PRODUCCIÓN, PUBLICACIÓN, DISTRIBUCIÓN, FABRICACIÓN Y COPYRIGHT
Producción, publicación, distribución, fabricación y copyright Guatemala, Guatemala :
Nombre del de productor, editor, distribuidor, fabricante USAC, Facultad de Ingeniería ;
Fecha de producción, publicación, distribución, fabricación o copyright 2016.-
300 ## - DESCRIPCIÓN FÍSICA
Extensión xviii, 80 p. :
Otras características físicas il. ;
Dimensiones 27 cm
336 ## - TIPO DE CONTENIDO
Fuente rdacontenido
Término de tipo de contenido Texto
Código de tipo de contenido txt
337 ## - TIPO DE MEDIO
Fuente rdamedio
Nombre/término del tipo de medio sin mediación
Código del tipo de medio n
338 ## - TIPO DE SOPORTE
Fuente rdasoporte
Nombre/término del tipo de soporte volumen
Código del tipo de soporte nc
502 ## - NOTA DE TESIS
Nota de tesis Tesis Postgrado
Tipo de título MAESTRO EN ENERGÍA Y AMBIENTE
Nombre de la institución que otorga el título USAC, Facultad de Ingeniería, Escuela de Postgrado
Año de obtención del título 2016
Identificador de la tesis TPI-16-0106
504 ## - NOTA DE BIBLIOGRAFÍA, ETC.
Nota de bibliografía, etc. Nota Bibliografía pag. 77
505 ## - NOTA DE CONTENIDO CON FORMATO
Título 1. PRINCIPIOS BÁSICOS
505 ## - NOTA DE CONTENIDO CON FORMATO
Título 2. DESCRIPCIÓN DE LOS FENÓMENOS ELECTROMAGNÉTICOS EN LÍNEAS DE TRANSMISIÓN
505 ## - NOTA DE CONTENIDO CON FORMATO
Título 3. PROBLEMAS QUE AFECTAN LA CALIDAD DE POTENCIA
505 ## - NOTA DE CONTENIDO CON FORMATO
Título 4. ANÁLISIS DE PARÁMETROS
520 #3 - RESUMEN, ETC.
Sumario, etc. La calidad de potencia es cualquier manifestación de desviación de voltaje, corriente y frecuencia que resulte fuera de valores normados o impliquen pérdidas relevantes, entre los extremos de una línea de transmisión, considerando una de ellas punto inicial del flujo eléctrico y la otra su punto final. Se tiene que la línea si tiene aún buena calidad de transmisión de potencia energética, con una eficiencia del 99.90%, a pesar de 50 años de servicio, del medio ambiente por donde se transporta su energía y las interconexiones que en ella interfieren y entre los objetivos específicos se puede interpretar en que la fase C tiene diferencias marcadas respecto a las otras fases, resultado por el tipo de configuración existente en la línea de transmisión, afectando principalmente a los valores de voltaje.
650 ## - PUNTO DE ACCESO ADICIONAL DE MATERIA--TÉRMINO DE MATERIA
Término de materia o nombre geográfico como elemento de entrada DISTRIBUCIÓN
650 ## - PUNTO DE ACCESO ADICIONAL DE MATERIA--TÉRMINO DE MATERIA
Término de materia o nombre geográfico como elemento de entrada ENERGÍA ELÉCTRICA
700 ## - ENTRADA AGREGADA--NOMBRE PERSONAL
Nombre de persona Inga. Isabel López Tohom
Término indicativo de función/relación asesor
942 ## - ELEMENTOS DE ENTRADA SECUNDARIOS (KOHA)
Fuente de la clasificación o esquema de estantería Clasificación Decimal Dewey
Tipo de ítem Koha TESISPOSTGRADO
945 ## - PROCESAMIENTO DE INFORMACIÓN LOCAL (OCLC)
a aml
Existencias
Estatus retirado Estado de pérdida Fuente de la clasificación o esquema de estantería Estado de daño No para préstamo Biblioteca de origen Biblioteca actual Fecha de adquisición Número de inventario Total de préstamos Signatura topográfica completa Código de barras Visto por última vez Precio de reemplazo Tipo de ítem Koha Nota pública
    Clasificación Decimal Dewey     CENTRO DE INFORMACIÓN A LA CONSTRUCCIÓN-CICON CENTRO DE INFORMACIÓN A LA CONSTRUCCIÓN-CICON 07/11/2025 P20160106   TPI-16-0106 20160106 07/11/2025 07/11/2025 TESISPOSTGRADO disponible